Educación física: sus métodos y la iniciación a la ritmica: unidades III y IV. Nivel educación media

Gorde:
Xehetasun bibliografikoak
Egile nagusia: Trujillo Galindo, Héctor Santiago (Egilea)
Formatua: Liburua
Hizkuntza:gaztelania
Argitaratua: Santiago P.E.I.P 1986
Saila:Proyecto de perfeccionamiento docente a distancia
Gaiak:
Etiketak: Etiketa erantsi
Etiketarik gabe, Izan zaitez lehena erregistro honi etiketa jartzen!

MARC

LEADER 00000nam a2200000 a 4500
001 UCW7263
003 CL-VaPUC
008 921015e19860000CL |||||||||||||||||spa|d
082 0 4 |a 372.86  |b TRU  |2 21 
100 0 |a Trujillo Galindo, Héctor Santiago  |e author  |9 312414 
245 1 0 |a Educación física: sus métodos y la iniciación a la ritmica: unidades III y IV. Nivel educación media 
300 |a 136 h 
942 |c BK 
945 |d 19921015 00:00:00 
260 |a Santiago  |b P.E.I.P  |c 1986 
650 0 |a Educación física  |9 240893 
650 7 |a PREPARACION DE LOS MAESTROS  |2 CL-VaPUC  |9 308984 
650 7 |a ENSEÑANZA INDIVIDUALIZADA  |2 CL-VaPUC  |9 307241 
583 |a last modification  |c 19921015 00:00:00  |k Rodrigo Vera 
490 0 |a Proyecto de perfeccionamiento docente a distancia 
999 |c 220082  |d 220080 
952 |0 0  |1 0  |4 0  |6 372_860000000000000_TRU_1986  |7 0  |8 P  |9 211858  |a BIBEDU  |b BIBEDU  |c BIBEDU_PB  |d 2019-11-15  |i 2800624  |o 372.86 TRU 1986  |p 2800624  |r 2024-01-25  |w 2019-11-15  |y BK  |k EDU 
952 |0 0  |1 0  |4 0  |6 372_860000000000000_TRU_1986  |7 0  |8 P  |9 211859  |a BIBEDU  |b BIBEDU  |c BIBEDU_PB  |d 2019-11-15  |i 2800632  |o 372.86 TRU 1986  |p 2800632  |r 2024-01-25  |w 2019-11-15  |y BK  |k EDU 
952 |0 0  |1 0  |4 0  |6 372_860000000000000_TRU_1986  |7 0  |8 P  |9 211860  |a BIBEDU  |b BIBEDU  |c BIBEDU_PB  |d 2019-11-15  |i 3019446  |o 372.86 TRU 1986  |p 3019446  |r 2024-01-25  |w 2019-11-15  |y BK  |k EDU 
952 |0 0  |1 0  |4 0  |6 372_860000000000000_TRU_1986  |7 0  |8 P  |9 211861  |a BIBEDU  |b BIBEDU  |d 2019-11-15  |i 3019454  |o 372.86 TRU 1986  |p 3019454  |r 2019-11-15  |w 2019-11-15  |y BK  |k EDU